000 00712nam a22002057a 4500
005 20150218164158.0
010 _aBAC-CH25
020 _a9780143332336
_c199.00
035 _aG-003188
035 _aB-557183-218
037 _adpl
_bAakar/Ven
082 _a030
245 _aThe Puffin Book of 1000 Fun Facts /
260 _aNew Delhi
_bPenguin Books
_c2013
270 _a11 Community Centre, Panchsheel Park,
_bNew Delhi
_e110017
300 _a161p.:
_c19cm(pbk)
_bill.
942 _2ddc
_cCH
_mPUF
_h030
999 _c86583
_d86583